Movies Quiz

Random Movies Quiz

Movie Characters by Death (SPOILERS) Quiz Stats

 Plays Quiz not verified by Sporcle

Challenge
Share
Tweet
Embed
Score 0/20 Timer 06:00
0 Plays Today
Death Character % Correct
Melted by waterWicked Witch of the West (The Wizard of Oz)
70.2%
Old age, yet as a newborn.Benjamin Button (The Curious Case of Benjamin Button)
68.8%
Five point palm exploding heart techniqueBill (Kill Bill: Vol. 2)
56.2%
Unfortunate wildebeest stampedeMufasa (The Lion King)
54.4%
Blue convertible off the edge of a cliffThelma and Louise (Thelma and Louise)
50.4%
Frozen next to hedge mazeJack Torrance (The Shining)
48.7%
Dropped off Nakatomi PlazaHans Gruber (Die Hard)
48.4%
Crushed by plane engine, while in bedDonnie Darko (Donnie Darko)
46.7%
Butchered in the showerMarion Crane (Psycho)
22.3%
Pillow mercy killR.P. McMurphy (One Flew Over the Cuckoo's Nest)
21.2%
Death Character % Correct
Fear/nihilism-induced heart attackDonny (The Big Lebowski)
17.2%
Shot in the head by Frank FittsLester Burnham (American Beauty)
14%
Pummeled with bowling pinEli Sunday (There Will Be Blood)
13.8%
Straddling a nuclear bomb, rodeo styleMajor Kong (Dr. Strangelove)
11.2%
Shot on live TV due to poor ratingsHoward Beale (Network)
9.5%
Bullet, axe, woodchipperCarl Showalter (Fargo)
8.9%
Given the axe by HalberstramPaul Allen (American Psycho)
7.4%
Decapitated atop a subwayHoward Payne (Speed)
6.6%
Battered in a cornfieldNicky Santoro (Casino)
5.4%
Ring trick, from MathildaStansfield (Léon)
3.4%

You're not logged in!

Compare scores with friends on all Sporcle quizzes.
OR
Log In

You Might Also Like...

Show Comments

Extras

Created May 24, 2010ReportNominate
Tags:character, death, spoiler

Top Quizzes Today


Score Distribution

Your Account Isn't Verified!

In order to create a playlist on Sporcle, you need to verify the email address you used during registration. Go to your Sporcle Settings to finish the process.

Report this User

Report this user for behavior that violates our Community Guidelines.

Details: